000 00260nam a2200097Ia 4500
001 1098613
005 20250827003115.0
008 250824s9999 xx 000 0 und d
245 0 _aBU KİTABI SAKIN OKUMA -TAMAM
_cMEHMET YILDIZ
260 _bHAYY KİTAP YAYINLARI
999 _c1098613
_d1098613